| 000 | 01096nam0a22002771 4500 | ||
|---|---|---|---|
| 001 | rc\4162835 | ||
| 005 | 20130415185539.7 | ||
| 021 |
_aRU _b[54-41454] |
||
| 035 | _a(NLR Aleph) 008177580 | ||
| 090 |
_a7894408 _c7894408 |
||
| 100 | _a20130415d1954 |||y0rusy50 ca | ||
| 101 | 0 | _arus | |
| 102 | _aRU | ||
| 105 | _ay j ||||| | ||
| 200 | 1 |
_aМатериал к лекции на тему "Вопросы полноценного кормления и совершенствования высокопродуктивных молочных стад" _fВсесоюз. о-во по распространению полит. и науч. знаний |
|
| 210 |
_aМосква _cБ. и. _d1954 |
||
| 215 |
_a24 с. _d20 |
||
| 300 | _aПеред загл. авт.: проф. А.С. Солун | ||
| 333 | _aНа правах рукописи | ||
| 606 |
_aКоровы _xКормление _2psbo |
||
| 700 | 1 |
_aСолун _bА. С. _f1894- _gАбрам Савельевич |
|
| 801 | 0 |
_aRU _bNLR _gpsbo |
|
| 801 | 1 |
_aRU _bELAR _2rusmarc |
|
| 852 |
_aNLR _jС90 Г-4/2624 |
||
| 942 | _cBOOK | ||
| 980 | _aNB | ||